000 00263nam a2200097Ia 4500
082 _aJ|664.00286|MASO
245 0 _aHow big is your food footprint?
100 _a Mason, Paul New York, 2009
942 _cBK
008 210817s9999 xx 000 0 und d
999 _c217691
_d217690